000
00211nam a22001097a 4500
100
_a
Parashar,Ashwin
245
_a
Chanakaya Niti
250
_a
2016
260
_b
Diomond Pub.
300
_a
20
942
_2
ddc
_c
BK
999
_c
13144
_d
13144